Представление документа в формате RUSMARC

ПолеНазваниеЗначение
  Тип записи a
  Библиографический уровень m
001 Контрольный номер UONB/MAIN/df30f5b0ec12431f8d0a4241df4d6398
005 Дата корректировки 20260414095515.2
010 Индекс ISBN __
b Уточнения в пер.
d Цена 1 р. 75 к.
100 Данные общей обработки __
a Данные общей обработки 20260413d1910 u y0rusy0189 ca
101 Язык документа 0_
a Язык текста rus
102 Страна публикации __
a Страна публикации RU
105 Кодированные данные (монография) __
a Кодированные данные (монография) y z 000yy
200 Заглавие и сведения об ответственности 1_
a Заглавие Теория творчества
f Первые сведения об ответственности инженер П. К. Энгельмейер
g Последующие сведения об ответственности с предисловием профессоров Петербургского университета, академиков Д. Н. Овсянико-Куликовского и Эрнста Маха
203 Вид содержания и тип средства __
a Вид содержания Текст
b Характеристика содержания визуальный
c Тип средства непосредственный
210 Выходные данные 1_
a Место издания Санкт-Петербург
c Издательство Образование
d Дата издания 1910
215 Физическое описание __
a Объем [2], 208 с.
d Формат 22 см
c Иллюстрации/тип воспроизводства ил.
606 Тематические рубрики 0_
a Основная рубрика Психология творчества
610 Ключевые слова 0_
a Ключевые слова психология творчества
686 Индексы других классификаций __
a Классификационный индекс 88.45
2 Код системы rubbk
700 Автор _1
a Фамилия Энгельмейер
b Имя (инициалы) П. К.
g Полное личное имя Петр Климентович
f Даты 1855-1939
702 Вторичная интеллектуальная ответственность _1
a Фамилия Овсянико-Куликовской
b Имя (инициалы) Д. Н.
4 Код отношения 080
702 Вторичная интеллектуальная ответственность _1
a Фамилия Мах
b Имя (инициалы) Э.
4 Код отношения 080
801 Источник записи _0
a Страна RU
b Организация Ульяновская ОНБ
c Дата составления 20260413
g Правила каталогизации RCR
801 Источник записи _1
a Страна RU
b Организация Ульяновская ОНБ
c Дата составления 20260413
g Правила каталогизации RCR
901 Тип документа __
t Тип документа m
909 Создатель записи __
a Создатель записи Моргунова
b Дата создания записи 20260413